[Event "CAN-op"]
[Site "Edmonton CAN"]
[Date "2005.07.10"]
[Round "3.44"]
[White "Graves, Charles"]
[Black "Faust, Steven"]
[Result "1-0"]
[WhiteElo "2000"]
[BlackElo "1722"]
[PlyCount "117"]
[GameId "2160767910901511"]
[EventDate "2005.07.09"]
[EventType "swiss"]
[EventRounds "10"]
[EventCountry "CAN"]

1. f4 d5 2. b3 c5 3. e3 Nf6 4. Nf3 Nc6 5. Bb2 g6 6. Bb5 Bd7 7. O-O Bg7 8. Bxc6 Bxc6 9. Ne5 Rc8 10. g4 O-O 11. d3 Nd7 12. Nxc6 Rxc6 13. Bxg7 Kxg7 14. Qf3 e6 15. a4 f5 16. h3 Qf6 17. Nd2 Qc3 18. Qd1 e5 19. Kg2 Rd6 20. Rc1 Rff6 21. Nb1 Qa5 22. Qe1 Qxe1 23. Rcxe1 e4 24. dxe4 dxe4 25. Rd1 a6 26. Nc3 Rfe6 27. Nd5 Kf7 28. Kf2 Nb6 29. Nxb6 Rxb6 30. gxf5 gxf5 31. Rd5 Kf6 32. Rxc5 Rec6 33. Rxc6+ Rxc6 34. Rc1 Ke6 35. Ke2 Rc7 36. c3 Kd5 37. Rd1+ Ke6 38. Rc1 Kd5 39. Rd1+ Ke6 40. c4 b5 41. cxb5 axb5 42. a5 b4 43. a6 Ra7 44. Ra1 Kd6 45. Kf2 Ke6 46. Kg3 Kf6 47. Kh4 Kg6 48. Ra5 h6 49. Ra4 Kg7 50. Kh5 Kf6 51. Rxb4 Rxa6 52. Kxh6 Rd6 53. h4 Rc6 54. Rc4 Rb6 55. b4 Ke6 56. Kg5 Rb5 57. Rc6+ Kd7 58. Rc5 Rxb4 59. Kxf5 1-0

[Event "CAN-op"]
[Site "Edmonton CAN"]
[Date "2005.07.10"]
[Round "3.45"]
[White "MacKey, John"]
[Black "Klein, Gernot"]
[Result "1/2-1/2"]
[WhiteElo "1720"]
[BlackElo "2023"]
[PlyCount "84"]
[GameId "2160767910901512"]
[EventDate "2005.07.09"]
[EventType "swiss"]
[EventRounds "10"]
[EventCountry "CAN"]

1. d4 d5 2. Nf3 c6 3. c4 e6 4. e3 Bd6 5. Nc3 f5 6. g3 Nf6 7. Bg2 O-O 8. O-O Nbd7 9. Qb3 b6 10. Re1 Bb7 11. Bd2 Ne4 12. Rad1 Rc8 13. Bc1 Qe7 14. Nd2 Nxc3 15. bxc3 Nf6 16. f3 c5 17. e4 fxe4 18. fxe4 dxe4 19. Nxe4 Nxe4 20. Bxe4 Bxe4 21. Rxe4 Qf6 22. Re2 Qf3 23. Qc2 cxd4 24. cxd4 e5 25. Be3 exd4 26. Bxd4 Bc5 27. Bxc5 Rxc5 28. Qe4 Qxe4 29. Rxe4 Rfc8 30. Rd7 Rxc4 31. Ree7 Rg4 32. Rxa7 h5 33. Reb7 h4 34. Kg2 hxg3 35. hxg3 Rc3 36. Rxb6 Rgxg3+ 37. Kf2 Rcf3+ 38. Ke2 Ra3 39. Rba6 Rxa6 40. Rxa6 Kf7 41. a4 Ke7 42. a5 Ra3 1/2-1/2

[Event "CAN-op"]
[Site "Edmonton CAN"]
[Date "2005.07.10"]
[Round "3.46"]
[White "Vincent, Trevor"]
[Black "Masson, Richard"]
[Result "1-0"]
[WhiteElo "2000"]
[BlackElo "1712"]
[PlyCount "100"]
[GameId "2160767910901513"]
[EventDate "2005.07.09"]
[EventType "swiss"]
[EventRounds "10"]
[EventCountry "CAN"]

1. c4 Nf6 2. g3 g6 3. Bg2 d5 4. cxd5 Nxd5 5. Nc3 Nxc3 6. bxc3 Bg7 7. Rb1 c6 8. Nf3 O-O 9. O-O Nd7 10. c4 Qa5 11. Qc2 Nf6 12. d3 Rb8 13. Bd2 Qd8 14. Bf4 Ra8 15. Be5 b6 16. Nd4 Bb7 17. Nxc6 Qd7 18. Nd4 Bxg2 19. Kxg2 h5 20. Nf3 Ng4 21. Bxg7 Kxg7 22. Qb2+ f6 23. Qb5 Qb7 24. Kg1 Rad8 25. Rfc1 Rxd3 26. exd3 Qxf3 27. Rf1 Qxd3 28. Rbd1 Qa3 29. Qb3 Qc5 30. Rd5 Qc7 31. Qb5 Ne5 32. f4 Nc6 33. Rfd1 Nb8 34. c5 h4 35. a4 hxg3 36. hxg3 Rh8 37. Rb1 e6 38. Rd6 e5 39. fxe5 fxe5 40. Rbd1 Kh6 41. cxb6 axb6 42. Qxe5 Qc5+ 43. Qxc5 bxc5 44. Rd8 Rxd8 45. Rxd8 Na6 46. Rc8 Kg5 47. Rc6 Nb4 48. Rxc5+ Kg4 49. Kg2 Na6 50. Rc6 Nc5 1-0

[Event "CAN-op"]
[Site "Edmonton CAN"]
[Date "2005.07.10"]
[Round "3.47"]
[White "Lafreniere, Adrian"]
[Black "Zaczek, Jonathon"]
[Result "0-1"]
[WhiteElo "1703"]
[BlackElo "2017"]
[PlyCount "50"]
[GameId "2160767910901514"]
[EventDate "2005.07.09"]
[EventType "swiss"]
[EventRounds "10"]
[EventCountry "CAN"]

1. e4 c5 2. Nf3 d6 3. d4 cxd4 4. Nxd4 Nf6 5. f3 e5 6. Bb5+ Bd7 7. Bxd7+ Qxd7 8. Nf5 d5 9. Ng3 Bc5 10. Qd3 O-O 11. c3 dxe4 12. Qxd7 Nbxd7 13. fxe4 Ng4 14. Ke2 Ndf6 15. Nd2 Rad8 16. h3 Nf2 17. Rf1 Nd3 18. Nb3 Bb6 19. Rf3 Nf4+ 20. Bxf4 exf4 21. Rxf4 Bc7 22. Rf3 Rfe8 23. Nd2 Bxg3 24. Rxg3 Rxd2+ 25. Kxd2 Nxe4+ 0-1

[Event "CAN-op"]
[Site "Edmonton CAN"]
[Date "2005.07.10"]
[Round "3.48"]
[White "Bertrand, Daryl"]
[Black "Smith, Maurice"]
[Result "0-1"]
[WhiteElo "1987"]
[BlackElo "1708"]
[PlyCount "96"]
[GameId "2160767910901515"]
[EventDate "2005.07.09"]
[EventType "swiss"]
[EventRounds "10"]
[EventCountry "CAN"]

1. e4 d6 2. d4 Nf6 3. Nc3 g6 4. Be3 Bg7 5. Qd2 h5 6. f3 e6 7. O-O-O Nc6 8. Bb5 a6 9. Bxc6+ bxc6 10. h4 a5 11. Nh3 Ba6 12. e5 Nd5 13. Bg5 Qb8 14. Nxd5 cxd5 15. exd6 cxd6 16. Rhe1 Kd7 17. Nf4 Re8 18. Ne2 Qb6 19. Qf4 Rf8 20. Nc3 Rab8 21. b3 Qb4 22. Re3 Rbc8 23. Nb1 a4 24. Bf6 Bxf6 25. Qxf6 axb3 26. Rxb3 Qa5 27. Ra3 Qb6 28. g4 Bc4 29. gxh5 gxh5 30. f4 Rb8 31. Kd2 Qb4+ 32. Ke3 Rb7 33. Qg7 Ke7 34. Qg5+ Kd7 35. Qxh5 Qb2 36. Rg1 Qxc2 37. Nd2 Bxa2 38. Rg7 Kc6 39. Ra6+ Rb6 40. Rxb6+ Kxb6 41. Qh7 Qc1 42. Rg2 Rc8 43. Ke2 Rc2 44. Ke3 Qe1+ 45. Kd3 Qc1 46. Ke3 Qa3+ 47. Kf2 Rxd2+ 48. Kg1 Qe3+ 0-1

[Event "CAN-op"]
[Site "Edmonton CAN"]
[Date "2005.07.10"]
[Round "3.50"]
[White "Mandic, Slaven"]
[Black "Lacroix, Peter"]
[Result "1-0"]
[WhiteElo "1970"]
[BlackElo "1688"]
[PlyCount "65"]
[GameId "2160767910901516"]
[EventDate "2005.07.09"]
[EventType "swiss"]
[EventRounds "10"]
[EventCountry "CAN"]

1. f4 d5 2. e3 c5 3. Nf3 Nf6 4. b3 g6 5. Bb2 Bg7 6. Be2 O-O 7. O-O a6 8. a4 Nc6 9. Ne5 Nxe5 10. Bxe5 Qb6 11. a5 Qa7 12. Na3 Bf5 13. d3 Rfd8 14. Bf3 Rac8 15. Qe2 b5 16. axb6 Qxb6 17. Kh1 Bd7 18. e4 d4 19. Nc4 Qa7 20. Ra5 Bb5 21. Rfa1 Nd7 22. Bxg7 Kxg7 23. Rxb5 axb5 24. Rxa7 bxc4 25. bxc4 Rb8 26. h3 e6 27. e5 Rb4 28. Qd2 Nb6 29. c3 dxc3 30. Qxc3 Na4 31. Qa3 Nb2 32. Qa5 Rxd3 33. Qc7 1-0

[Event "CAN-op"]
[Site "Edmonton CAN"]
[Date "2005.07.10"]
[Round "3.51"]
[White "Tomaras, Ioannis"]
[Black "Daniluk, Jim"]
[Result "1/2-1/2"]
[WhiteElo "1680"]
[BlackElo "1969"]
[PlyCount "77"]
[GameId "2160767910901517"]
[EventDate "2005.07.09"]
[EventType "swiss"]
[EventRounds "10"]
[EventCountry "CAN"]

1. e4 c5 2. d4 cxd4 3. c3 dxc3 4. Nxc3 Nc6 5. Nf3 d6 6. Bc4 e6 7. O-O Be7 8. Qe2 a6 9. Rd1 Bd7 10. Bf4 e5 11. Be3 Nf6 12. Rac1 O-O 13. Bd5 Nxd5 14. Nxd5 Be6 15. Bb6 Qd7 16. Nxe7+ Qxe7 17. b3 Rac8 18. Rc2 Nb8 19. Rcd2 Rc6 20. Ba5 Bg4 21. Bb4 Rd8 22. Rd5 Qf6 23. Qd3 Bxf3 24. gxf3 h6 25. Bxd6 Qg5+ 26. Kh1 Rc1 27. Rxc1 Qxc1+ 28. Kg2 Qg5+ 29. Kf1 Rc8 30. Bxe5 Rc1+ 31. Ke2 Qg1 32. Rd8+ Kh7 33. Bc3 Nc6 34. Rd5 Rf1 35. Qe3 Rc1 36. f4 Rc2+ 37. Rd2 Rxd2+ 38. Bxd2 Qxh2 39. Qg3 1/2-1/2

[Event "CAN-op"]
[Site "Edmonton CAN"]
[Date "2005.07.10"]
[Round "3.52"]
[White "Boron, Anthony"]
[Black "Raymer, Evan"]
[Result "1-0"]
[WhiteElo "1966"]
[BlackElo "1681"]
[PlyCount "69"]
[GameId "2160767910901518"]
[EventDate "2005.07.09"]
[EventType "swiss"]
[EventRounds "10"]
[EventCountry "CAN"]

1. e4 c5 2. Nf3 d6 3. Bb5+ Bd7 4. Bxd7+ Nxd7 5. c4 g6 6. Nc3 Bg7 7. O-O Qb6 8. Re1 e6 9. d3 Ne7 10. Qc2 Nc6 11. a3 Nd4 12. Nxd4 cxd4 13. Ne2 a5 14. Bd2 a4 15. Bb4 Nc5 16. Rab1 O-O 17. Nc1 f5 18. Bxc5 Qxc5 19. Na2 e5 20. Nb4 b5 21. cxb5 Rfb8 22. Qxc5 dxc5 23. Nd5 Ra7 24. b6 Rd7 25. Rbc1 fxe4 26. dxe4 d3 27. Rxc5 Kf7 28. Rc7 Rxc7 29. bxc7 Rc8 30. Rd1 Bf8 31. Rxd3 Bd6 32. Rc3 Ke6 33. Rc4 Kf7 34. Rxa4 Ke6 35. Rc4 1-0

[Event "CAN-op"]
[Site "Edmonton CAN"]
[Date "2005.07.10"]
[Round "3.53"]
[White "Thomson, Bruce"]
[Black "Nikouline, Alexandre"]
[Result "0-1"]
[WhiteElo "1676"]
[BlackElo "1947"]
[PlyCount "114"]
[GameId "2160767910901519"]
[EventDate "2005.07.09"]
[EventType "swiss"]
[EventRounds "10"]
[EventCountry "CAN"]

1. e4 c5 2. Nf3 Nc6 3. g3 d6 4. Bg2 Nf6 5. Nc3 g6 6. O-O Bg7 7. d3 O-O 8. Bd2 Bg4 9. Qc1 Qc8 10. Bh6 Bxf3 11. Bxf3 Nd4 12. Bxg7 Nxf3+ 13. Kg2 Kxg7 14. Kxf3 Qh3 15. Qg5 h6 16. Qh4 Qe6 17. Qf4 Nh5 18. Qe3 Qh3 19. Ke2 Nf6 20. Qf3 Ng4 21. Rg1 f5 22. Qg2 Qxh2 23. Qxh2 Nxh2 24. Rg2 Ng4 25. f3 Ne5 26. Rf1 fxe4 27. dxe4 Rf7 28. Rgf2 b5 29. b3 a6 30. Nd5 Rc8 31. Ne3 Nc6 32. f4 Rcf8 33. c3 b4 34. cxb4 Nxb4 35. a3 Nc6 36. Nc2 Rb8 37. Rf3 a5 38. Rc3 Nd4+ 39. Nxd4 cxd4 40. Rd3 e5 41. Rff3 Rc7 42. Rd2 Rc1 43. Rb2 Rbc8 44. Rd3 Rg1 45. Rbd2 Rcc1 46. Kf3 Kf6 47. Rf2 Ra1 48. a4 Rgc1 49. Kg2 Rab1 50. Rfd2 Ke6 51. Kf3 Rc3 52. g4 Rbxb3 53. f5+ gxf5 54. gxf5+ Kf6 55. Ke2 Rxd3 56. Rxd3 Rxd3 57. Kxd3 h5 0-1

[Event "CAN-op"]
[Site "Edmonton CAN"]
[Date "2005.07.10"]
[Round "3.54"]
[White "Abrahams, Daniel"]
[Black "Sullivan, Brian"]
[Result "1-0"]
[WhiteElo "1946"]
[BlackElo "1674"]
[PlyCount "123"]
[GameId "2160767910901520"]
[EventDate "2005.07.09"]
[EventType "swiss"]
[EventRounds "10"]
[EventCountry "CAN"]

1. e4 c5 2. Nf3 d6 3. d4 cxd4 4. Nxd4 Nf6 5. Nc3 e5 6. Bb5+ Nbd7 7. Nf5 a6 8. Bc4 Nb6 9. Ne3 Be7 10. O-O O-O 11. Bb3 Be6 12. Ned5 Rc8 13. Nxf6+ gxf6 14. Bxe6 fxe6 15. Bh6 Rf7 16. Qg4+ Kh8 17. Qxe6 Qe8 18. Qb3 Nc4 19. Rad1 Bf8 20. Bc1 Rg7 21. Rd3 Rg6 22. Nd5 b5 23. c3 Qe6 24. Qd1 Rd8 25. Kh1 Bh6 26. b3 Na5 27. Bxh6 Rxh6 28. Ne3 Nb7 29. Nf5 Rg6 30. Rh3 Rd7 31. Qf3 Nd8 32. Rd1 Nf7 33. Qh5 Ng5 34. Qxg6 Nxh3 35. Qg3 Nf4 36. h4 d5 37. f3 Rc7 38. Qe1 Rc8 39. Ne3 dxe4 40. fxe4 Rg8 41. Rd2 Qc6 42. Nd5 Qe6 43. Nxf4 exf4 44. Kh2 Qg4 45. Qf2 h6 46. Rd6 Qg6 47. Rxa6 Qxe4 48. Rxf6 Kh7 49. Rxf4 Rxg2+ 50. Qxg2 Qxf4+ 51. Qg3 Qd2+ 52. Kh3 Qd7+ 53. Kg2 Qd2+ 54. Qf2 Qd5+ 55. Kf1 Qd1+ 56. Kg2 Qd5+ 57. Kg3 Qe5+ 58. Kf3 Qxc3+ 59. Qe3 b4 60. Qxc3 bxc3 61. Ke3 Kg6 62. a4 1-0

[Event "CAN-op"]
[Site "Edmonton CAN"]
[Date "2005.07.10"]
[Round "3.55"]
[White "Deimert, Elroy"]
[Black "Culjaga, Nikolai"]
[Result "0-1"]
[WhiteElo "1666"]
[BlackElo "1927"]
[PlyCount "74"]
[GameId "2160767910901521"]
[EventDate "2005.07.09"]
[EventType "swiss"]
[EventRounds "10"]
[EventCountry "CAN"]

1. e4 c5 2. Nf3 a6 3. d4 cxd4 4. c3 dxc3 5. Nxc3 e6 6. Bc4 Bb4 7. O-O Qc7 8. Qd3 Nc6 9. a3 Be7 10. Rd1 Nf6 11. Bg5 O-O 12. Qe2 Ng4 13. Bxe7 Nxe7 14. h3 Ne5 15. Ba2 Nxf3+ 16. Qxf3 b5 17. Rac1 Qb7 18. Rd2 f5 19. Rdc2 fxe4 20. Qxe4 Qa7 21. Nd1 Bb7 22. Bxe6+ Kh8 23. Qe5 Ng6 24. Qd6 dxe6 25. Rc7 Rad8 26. Rd7 Rb8 27. Rcc7 Rg8 28. Rf7 Rbd8 29. Rfd7 Qb8 30. Ne3 Rxd7 31. Qxd7 Bd5 32. Ng4 Qe8 33. Qd6 Qf8 34. Qxa6 Qf4 35. Qxb5 Qxc7 36. b4 Qb7 37. Ne3 Qxb5 0-1

[Event "CAN-op"]
[Site "Edmonton CAN"]
[Date "2005.07.10"]
[Round "3.56"]
[White "Tot, Nandor"]
[Black "Panjwani, Dilip"]
[Result "1-0"]
[WhiteElo "1924"]
[BlackElo "1662"]
[PlyCount "57"]
[GameId "2160767910901522"]
[EventDate "2005.07.09"]
[EventType "swiss"]
[EventRounds "10"]
[EventCountry "CAN"]

1. d4 Nf6 2. c4 e6 3. Nc3 Bb4 4. Qc2 O-O 5. Bg5 d5 6. e3 Nbd7 7. Nf3 Qe8 8. Bf4 Bd6 9. Bxd6 cxd6 10. cxd5 exd5 11. Nb5 Qe7 12. Bd3 Nb6 13. O-O Bg4 14. Nd2 Rac8 15. Qb3 a6 16. Na7 Qc7 17. Nxc8 Rxc8 18. a3 Be6 19. Qd1 Nc4 20. b3 Nxd2 21. Qxd2 Ne4 22. Bxe4 dxe4 23. d5 Bd7 24. Rac1 Qd8 25. Qb4 Bb5 26. Rfe1 Rxc1 27. Rxc1 f5 28. a4 a5 29. Qxb5 1-0

[Event "CAN-op"]
[Site "Edmonton CAN"]
[Date "2005.07.10"]
[Round "3.57"]
[White "Mattson, Marvin"]
[Black "Lauritson, Jim"]
[Result "0-1"]
[WhiteElo "1703"]
[BlackElo "1910"]
[PlyCount "106"]
[GameId "2160767910901523"]
[EventDate "2005.07.09"]
[EventType "swiss"]
[EventRounds "10"]
[EventCountry "CAN"]

1. c4 Nf6 2. Nc3 e6 3. g3 Bb4 4. Bg2 O-O 5. e3 Bxc3 6. bxc3 c5 7. Ne2 Nc6 8. d4 Qa5 9. O-O d6 10. Qb3 Qc7 11. a4 Na5 12. Qa2 cxd4 13. cxd4 Qxc4 14. Ba3 Qxa2 15. Rxa2 Nc4 16. Bb4 Rd8 17. Nf4 d5 18. Rc1 Bd7 19. Nd3 Bc6 20. Bf1 Nd7 21. Nc5 Nxc5 22. Bxc5 Nd6 23. a5 a6 24. Rb2 Kf8 25. Rb6 Ke8 26. Rb2 Kd7 27. Rcb1 Rdc8 28. h4 Ne4 29. Bb4 Rg8 30. Kh2 g5 31. f3 Nf6 32. hxg5 Rxg5 33. Bg2 Rag8 34. g4 h5 35. gxh5 Rxh5+ 36. Kg1 Ne8 37. Kf2 Nd6 38. Bxd6 Kxd6 39. Rb6 Rh2 40. Rg1 Kc7 41. Rb2 Bb5 42. Rc2+ Bc4 43. Rb2 Bb5 44. Rc2+ Kb8 45. Rb2 b6 46. axb6 Kb7 47. f4 Bd3 48. Ke1 Be4 49. Kf1 Rgxg2 50. Rgxg2 Rxg2 51. Rb3 Rd2 52. Ke1 Rd3 53. Rb2 Rxe3+ 0-1

[Event "CAN-op"]
[Site "Edmonton CAN"]
[Date "2005.07.10"]
[Round "3.59"]
[White "Beebe, Greg"]
[Black "Belleau, David"]
[Result "0-1"]
[WhiteElo "1637"]
[BlackElo "1911"]
[PlyCount "70"]
[GameId "2160767910901525"]
[EventDate "2005.07.09"]
[EventType "swiss"]
[EventRounds "10"]
[EventCountry "CAN"]

1. c4 Nf6 2. g3 e6 3. Bg2 d5 4. Nf3 Be7 5. O-O O-O 6. d3 Re8 7. Bf4 c5 8. Nc3 a6 9. Qc2 Nc6 10. a3 Nh5 11. Bd2 d4 12. Na2 e5 13. b4 Bd6 14. bxc5 Bxc5 15. Nb4 f5 16. Nd5 e4 17. Bg5 exf3 18. Bxd8 fxg2 19. Kxg2 Rxd8 20. a4 Nb4 21. Nxb4 Bxb4 22. Qc1 Bd7 23. Qg5 Nf6 24. h4 Re8 25. Ra2 Ng4 26. Qf4 Rad8 27. a5 Bd6 28. Qd2 Bc6+ 29. Kh3 Re5 30. Qb2 Bc5 31. e3 dxe3 32. fxe3 Bxe3 33. Qc3 Bd4 34. Qb3 Rde8 35. Qd1 Ne3 0-1

[Event "CAN-op"]
[Site "Edmonton CAN"]
[Date "2005.07.10"]
[Round "3.61"]
[White "Mrugala, David"]
[Black "Gluckie, Jamin"]
[Result "1/2-1/2"]
[WhiteElo "1627"]
[BlackElo "1907"]
[PlyCount "60"]
[GameId "2160767910901527"]
[EventDate "2005.07.09"]
[EventType "swiss"]
[EventRounds "10"]
[EventCountry "CAN"]

1. d4 e6 2. c4 Nf6 3. Nf3 c5 4. e3 d5 5. Nc3 a6 6. a4 Nc6 7. Be2 cxd4 8. Nxd4 Be7 9. O-O O-O 10. cxd5 exd5 11. Bd2 Bc5 12. Nxc6 bxc6 13. Qc2 Qe7 14. Bf3 Bd6 15. Rfc1 Qe5 16. g3 Bf5 17. Qd1 Rab8 18. Ne2 Ne4 19. Rxc6 Nxd2 20. Qxd2 Rxb2 21. Qd4 Rfb8 22. Bxd5 Rxe2 23. Rxd6 Qxd4 24. exd4 h6 25. Bc4 Rc2 26. Bxa6 Rbb2 27. Rf1 g6 28. Kg2 Be4+ 29. Kg1 Bf5 30. Kg2 Be4+ 1/2-1/2

[Event "CAN-op"]
[Site "Edmonton CAN"]
[Date "2005.07.10"]
[Round "3.62"]
[White "Bowles, Charles"]
[Black "Kuczaj, Chris"]
[Result "1-0"]
[WhiteElo "1625"]
[BlackElo "1904"]
[PlyCount "57"]
[GameId "2160767910901528"]
[EventDate "2005.07.09"]
[EventType "swiss"]
[EventRounds "10"]
[EventCountry "CAN"]

1. e4 c5 2. Nf3 e6 3. d4 cxd4 4. Nxd4 Nc6 5. Nc3 Qc7 6. Be3 a6 7. Qd2 b5 8. Be2 Nf6 9. f3 Bb7 10. O-O Be7 11. Rad1 O-O 12. Kh1 Rac8 13. Nxc6 Bxc6 14. Nb1 d5 15. exd5 Nxd5 16. Bg5 Bd6 17. c4 Bf4 18. Bxf4 Nxf4 19. Nc3 b4 20. Ne4 Bxe4 21. fxe4 Nxe2 22. Qxe2 Qxc4 23. Qf3 Qxa2 24. Rf2 Qa4 25. b3 Qc6 26. h3 Qc3 27. Rd3 Qa1+ 28. Kh2 Rc1 29. Qxf7+ 1-0

[Event "CAN-op"]
[Site "Edmonton CAN"]
[Date "2005.07.10"]
[Round "3.63"]
[White "Seehagen, Terry"]
[Black "Taylor, William"]
[Result "0-1"]
[WhiteElo "1608"]
[BlackElo "1900"]
[PlyCount "92"]
[GameId "2160767910901529"]
[EventDate "2005.07.09"]
[EventType "swiss"]
[EventRounds "10"]
[EventCountry "CAN"]

1. d4 Nf6 2. Nf3 d5 3. Bg5 e6 4. Nbd2 Be7 5. e3 b6 6. Bb5+ c6 7. Bd3 c5 8. c3 c4 9. Bc2 O-O 10. Ne5 Nfd7 11. Bxe7 Qxe7 12. Qh5 g6 13. Qh6 Nxe5 14. dxe5 f6 15. f4 fxe5 16. fxe5 Qg7 17. Qg5 Nc6 18. Nf3 Ne7 19. O-O-O Bd7 20. e4 h6 21. Qg3 Qf7 22. Qh3 Kg7 23. Rhf1 Rad8 24. Nd2 Qg8 25. Rf3 Rxf3 26. gxf3 Qf7 27. Qg4 Rf8 28. exd5 Nxd5 29. Nxc4 Qf4+ 30. Qxf4 Rxf4 31. Nd2 Ne3 32. Rg1 Nxc2 33. Kxc2 Bc6 34. Rg4 Rf5 35. f4 Rh5 36. h4 Rf5 37. c4 h5 38. Rg3 Rxf4 39. Rh3 Rf5 40. Re3 g5 41. hxg5 Kg6 42. b4 Rxg5 43. Kb3 h4 44. Rh3 Rg3+ 45. Rxg3+ hxg3 46. b5 Bb7 0-1

[Event "CAN-op"]
[Site "Edmonton CAN"]
[Date "2005.07.10"]
[Round "3.64"]
[White "Pradzinski, Tim"]
[Black "Camphaug, Lincoln"]
[Result "0-1"]
[WhiteElo "1894"]
[BlackElo "1602"]
[PlyCount "44"]
[GameId "2160767910901530"]
[EventDate "2005.07.09"]
[EventType "swiss"]
[EventRounds "10"]
[EventCountry "CAN"]

1. e4 e5 2. f4 exf4 3. Nf3 d6 4. Bc4 g5 5. O-O Bg7 6. d4 Nc6 7. Nc3 h6 8. Kh1 Nge7 9. a3 Bg4 10. Bxf7+ Kxf7 11. Nxg5+ hxg5 12. Qxg4 Bf6 13. g3 Nxd4 14. gxf4 Rh4 15. Qg3 g4 16. Nd5 Nxd5 17. exd5 Nf3 18. Rxf3 gxf3 19. Qxf3 Qh8 20. Qe2 Re8 21. Qf2 Rxh2+ 22. Qxh2 Re1+ 0-1

[Event "CAN-op"]
[Site "Edmonton CAN"]
[Date "2005.07.10"]
[Round "3.65"]
[White "Corsmeier, Tom"]
[Black "Peterson, Curtis"]
[Result "0-1"]
[WhiteElo "1598"]
[BlackElo "1884"]
[PlyCount "74"]
[GameId "2160767910901531"]
[EventDate "2005.07.09"]
[EventType "swiss"]
[EventRounds "10"]
[EventCountry "CAN"]

1. f4 e5 2. e4 exf4 3. Nf3 d5 4. exd5 Nf6 5. Nc3 Nxd5 6. Nxd5 Qxd5 7. d4 Bd6 8. Bd3 O-O 9. O-O Bg4 10. c3 Nd7 11. Qc2 Qh5 12. Qf2 Nf6 13. c4 c5 14. d5 Rae8 15. Bd2 Bf5 16. Bxf5 Qxf5 17. Nh4 Qh5 18. g3 Ne4 19. Qf3 Qxf3 20. Nxf3 Nxd2 21. Nxd2 fxg3 22. h3 Re2 23. Rad1 g2 24. Rf2 Bh2+ 25. Kxg2 Rxf2+ 26. Kxf2 Re8 27. Kf3 f5 28. a3 g5 29. b4 b6 30. bxc5 bxc5 31. Rb1 h5 32. Rb5 g4+ 33. hxg4 fxg4+ 34. Kf2 h4 35. Rxc5 Bg3+ 36. Kf1 h3 37. d6 Re1# 0-1

[Event "CAN-op"]
[Site "Edmonton CAN"]
[Date "2005.07.10"]
[Round "3.66"]
[White "MacKinnon, Keith"]
[Black "Milne, Arthur"]
[Result "0-1"]
[WhiteElo "1592"]
[BlackElo "1876"]
[PlyCount "118"]
[GameId "2160767910901532"]
[EventDate "2005.07.09"]
[EventType "swiss"]
[EventRounds "10"]
[EventCountry "CAN"]

1. e4 e6 2. d4 d5 3. exd5 exd5 4. Nf3 Bd6 5. Be2 Ne7 6. O-O O-O 7. c3 Nbc6 8. Re1 Bg4 9. Nbd2 Ng6 10. Nf1 Qd7 11. Ne3 Be6 12. Bd3 f6 13. Qc2 Bf7 14. Bf5 Qd8 15. Bd2 Re8 16. Nf1 Nce7 17. Be6 Bxe6 18. Rxe6 Qd7 19. Rae1 Be5 20. Nxe5 fxe5 21. R6xe5 Nxe5 22. Rxe5 Ng6 23. Rxe8+ Rxe8 24. Be3 c6 25. f3 Nh4 26. Bf2 Nf5 27. Ng3 Nxg3 28. Bxg3 Qe7 29. Be5 Qh4 30. Qd2 Qh5 31. Qf4 Qg6 32. Qc1 Qf5 33. Kf2 Re6 34. Qe1 Qc2+ 35. Qe2 Qxe2+ 36. Kxe2 Kf7 37. b4 g5 38. a4 b6 39. Kd2 c5 40. Bb8 cxb4 41. cxb4 a6 42. b5 axb5 43. axb5 h5 44. Bc7 Ke8 45. Be5 Kd7 46. Kd3 Re8 47. f4 gxf4 48. Bxf4 Ra8 49. Bd2 Ra1 50. Kc2 Rg1 51. g3 Rg2 52. h4 Rxg3 53. Bg5 Rg2+ 54. Kc3 Rg3+ 55. Kc2 Rxg5 56. hxg5 Ke6 57. Kd3 Kf5 58. g6 Kxg6 59. Ke3 Kf5 0-1

[Event "CAN-op"]
[Site "Edmonton CAN"]
[Date "2005.07.10"]
[Round "3.67"]
[White "Conner, Kris"]
[Black "Lynn, Jim"]
[Result "0-1"]
[WhiteElo "1586"]
[BlackElo "1871"]
[PlyCount "114"]
[GameId "2160767910901533"]
[EventDate "2005.07.09"]
[EventType "swiss"]
[EventRounds "10"]
[EventCountry "CAN"]

1. e4 d5 2. exd5 Nf6 3. d4 Bg4 4. Be2 Bxe2 5. Qxe2 Qxd5 6. Nf3 e6 7. c4 Bb4+ 8. Nc3 Bxc3+ 9. bxc3 Qh5 10. Ba3 Nbd7 11. O-O c5 12. d5 e5 13. Rfe1 O-O 14. Nxe5 Qxe2 15. Rxe2 Rfe8 16. Rae1 Kf8 17. Nxd7+ Nxd7 18. Rxe8+ Rxe8 19. Rxe8+ Kxe8 20. f4 Ke7 21. Kf2 Kd6 22. Ke3 f5 23. Bc1 a6 24. Kd3 b5 25. Be3 bxc4+ 26. Kxc4 Nb6+ 27. Kd3 Kxd5 28. h3 h5 29. Bf2 a5 30. Be3 a4 31. Bf2 Nc4 32. Bg1 a3 33. Be3 Nb2+ 34. Kc2 Kc4 35. Bc1 Na4 36. Bxa3 Nxc3 37. Bxc5 Nxa2 38. Bb6 Nb4+ 39. Kd2 Kd5 40. Bc7 Ke4 41. Ke2 Nd5 42. Bb8 Nxf4+ 43. Bxf4 Kxf4 44. Kf2 h4 45. Ke2 Kg3 46. Kf1 f4 47. Kg1 f3 48. gxf3 Kxf3 49. Kh2 g5 50. Kg1 Kg3 51. Kh1 Kxh3 52. Kg1 Kg3 53. Kh1 g4 54. Kg1 Kf3 55. Kh2 g3+ 56. Kg1 g2 57. Kh2 Kf2 0-1

[Event "CAN-op"]
[Site "Edmonton CAN"]
[Date "2005.07.10"]
[Round "3.68"]
[White "Karmali, Hafiz"]
[Black "Baser, Arthur"]
[Result "1-0"]
[WhiteElo "1867"]
[BlackElo "1560"]
[PlyCount "37"]
[GameId "2160767910901534"]
[EventDate "2005.07.09"]
[EventType "swiss"]
[EventRounds "10"]
[EventCountry "CAN"]

1. d4 f5 2. g3 g6 3. Bg2 Nf6 4. Nf3 Bg7 5. c4 d6 6. O-O O-O 7. Nc3 e6 8. Re1 Nc6 9. Bf4 Re8 10. e4 e5 11. dxe5 fxe4 12. exf6 exf3 13. Qd5+ Kh8 14. fxg7+ Kxg7 15. Bg5 Qd7 16. Qxf3 Ne5 17. Qf6+ Kg8 18. Bd5+ Nf7 19. Bh6 1-0

[Event "CAN-op"]
[Site "Edmonton CAN"]
[Date "2005.07.10"]
[Round "3.69"]
[White "Hagan, Jeff"]
[Black "Erickson, John"]
[Result "0-1"]
[WhiteElo "1538"]
[BlackElo "1904"]
[PlyCount "168"]
[GameId "2160767910901535"]
[EventDate "2005.07.09"]
[EventType "swiss"]
[EventRounds "10"]
[EventCountry "CAN"]

1. d4 d6 2. c4 g6 3. Bg5 Bg7 4. Nf3 Nf6 5. Nc3 c6 6. e4 Qa5 7. Bxf6 Bxf6 8. Qd2 Bg7 9. a3 O-O 10. Rc1 Qd8 11. Be2 Nd7 12. h4 Nf6 13. d5 cxd5 14. cxd5 Bd7 15. Bd3 Rc8 16. O-O Rc7 17. Rc2 a6 18. Rfc1 Ng4 19. Re1 Kh8 20. Ne2 Rxc2 21. Qxc2 Qb6 22. Nc3 Ne5 23. Nxe5 Bxe5 24. Kf1 Rc8 25. Rb1 Bf6 26. g3 Bh3+ 27. Ke1 Bg4 28. Kf1 Bd4 29. Rc1 Qd8 30. Qd2 Qd7 31. Ne2 Bxe2+ 32. Bxe2 Qh3+ 33. Ke1 Qh1+ 34. Bf1 Qxe4+ 35. Be2 Rxc1+ 36. Qxc1 Qxd5 37. Qd1 Qh1+ 38. Bf1 Qe4+ 39. Be2 Bxb2 40. Qb3 Qe5 41. Qxf7 Qf6 42. Qxf6+ Bxf6 43. a4 Bc3+ 44. Kf1 Kg7 45. h5 gxh5 46. Bxh5 b5 47. axb5 axb5 48. Be2 b4 49. Bc4 Kf6 50. f3 Ke5 51. Bd3 h6 52. Ke2 d5 53. Ke3 Be1 54. g4 d4+ 55. Ke2 Bc3 56. Bc4 Kf4 57. Bd5 e5 58. Be4 b3 59. Kf2 b2 60. Bd3 Be1+ 61. Ke2 Bd2 62. Be4 Be3 63. Bd3 Kg5 64. Be4 Kf6 65. Bf5 Ke7 66. Kd1 Kd6 67. Kc2 Bc1 68. Kb3 Kd5 69. Be4+ Ke6 70. Bf5+ Kf6 71. Kc2 h5 72. Kd1 hxg4 73. fxg4 Kg5 74. Ke2 Kf4 75. Bc2 Kxg4 76. Bb1 Kf4 77. Bc2 e4 78. Bb1 d3+ 79. Kd1 Ke3 80. Ke1 Kd4 81. Kd1 Kc3 82. Ke1 e3 83. Kd1 e2+ 84. Ke1 Bd2+ 0-1